| 000 | 02217nam a2200337 a 4500 | ||
|---|---|---|---|
| 001 | ebr10681044 | ||
| 003 | CaPaEBR | ||
| 006 | m u | ||
| 007 | cr cn||||||||| | ||
| 008 | 090211s2009 nyua sb 001 0 eng d | ||
| 010 | _z 2009006386 | ||
| 020 | _z9781604568103 (hardcover) | ||
| 020 | _z1604568100 (hardcover) | ||
| 020 | _z9781617285462 (e-book) | ||
| 040 |
_aCaPaEBR _cCaPaEBR |
||
| 035 | _a(OCoLC)662456688 | ||
| 050 | 1 | 4 |
_aRS403 _b.N48 2009eb |
| 082 | 0 | 4 |
_a615/.19 _222 |
| 245 | 0 | 0 |
_aNew developments in medicinal chemistry _h[electronic resource] / _cMarta P. Ortega and Irene C. Gil, editors. |
| 260 |
_aNew York : _bNova Science Publishers, _cc2009. |
||
| 300 |
_ax, 278 p. : _bill. (some col.) |
||
| 504 | _aIncludes bibliographical references and index. | ||
| 505 | 0 | _aFolate biosynthesis : reappraisal of old and novel targets in the search for new antimicrobials / James Swarbrick ... [et al.] -- Studies on anti-cancer agents : phenolic compounds and their pharmacological activity / Maria Dolors Pujol and Isabel S�anchez -- Cytotoxic anticancer drugs from medicinal plants / Anh-Tho Nguyen and Pierre Duez -- Emerging applications of quantum dots in medicinal chemistry and drug development / Ian D. Tomlinson, Michael R. Warnement and Sandra J. Rosenthal -- Medicinal chemistry of copper and vanadium bioactive compounds / Susana B. Etcheverry and Patricia A.M. Williams -- Antimalarial peroxides : from artemisinin to synthetic peroxides / Jernej Iskra -- Chemical ecology and medicinal chemistry of marine NF-kB inhibitors / F. Folmer ... [et al.] -- Layered double hydroxides and their intercalation compounds in photo-chemistry and in medicinal chemistry / Umberto Costantino and Morena Nocchetti. | |
| 533 |
_aElectronic reproduction. _bPalo Alto, Calif. : _cebrary, _d2013. _nAvailable via World Wide Web. _nAccess may be limited to ebrary affiliated libraries. |
||
| 650 | 0 | _aPharmaceutical chemistry. | |
| 655 | 7 |
_aElectronic books. _2local |
|
| 700 | 1 | _aOrtega, Marta P. | |
| 700 | 1 | _aGil, Irene C. | |
| 710 | 2 | _aebrary, Inc. | |
| 856 | 4 | 0 |
_uhttp://site.ebrary.com/lib/rucke/Doc?id=10681044 _zAn electronic book accessible through the World Wide Web; click to view |
| 999 |
_c60379 _d60379 |
||